| 000 | 00959nam a22002417a 4500 | ||
|---|---|---|---|
| 005 | 20170417111757.0 | ||
| 010 | _aENG-108227 | ||
| 020 |
_a9789350351963 _c395.00 |
||
| 035 | _a91760 | ||
| 035 | _aB-536681-683 | ||
| 035 | _aB-667532 | ||
| 037 | _bDBAD/PUB | ||
| 037 |
_bKBD/Ven _adpl |
||
| 082 | _a347.5414092 | ||
| 100 | _aIyer, VR Krishna | ||
| 245 | 1 | 0 |
_aFrom the bench to the Bar / _cby VR Krishna Iyer |
| 260 |
_aDehli _bUniversal Law Publishers _c2012 |
||
| 270 |
_aC-FF-1A, Dilkhush Industrial Estate,(Near Ajadpur Metro Station ) G.T karnal Road, _bDehli _e110033 |
||
| 300 |
_avii,265p. _c24cm(Hb) |
||
| 942 |
_2ddc _cEN _mIYE _h347.5414092 |
||
| 999 |
_c78178 _d78178 |
||